000 00492nam a2200181Ia 4500
008 151202s9999||||xx |||||||||||||| ||und||
082 _bPNVM-4613
100 _aGAUBA K. L.
245 _aTHE RT. HON. BLE SIR SHADI LAL. 1920-1934.
260 _bTHE LAW BOOK DEPOT.
260 _c0
300 _a0
600 _aGAUBA K. L.
630 _aTHE RT. HON. BLE SIR SHADI LAL. 1920-1934.
700 _aGAUBA K. L.
730 _aTHE RT. HON. BLE SIR SHADI LAL. 1920-1934.
942 _cBOOK
999 _c1270611
_d1270608